[Event "Olimpiada Calviá 2004"]
[Site "Calviá ESP"]
[Date "2004.10.17"]
[Round "3.8"]
[White "Grischuk, Alexander"]
[Black "Hillarp Persson, Tiger"]
[Result "1-0"]
[WhiteElo "2704"]
[BlackElo "2523"]
[PlyCount "83"]
[EventDate "2004.10.15"]
[EventType "team"]
[EventRounds "14"]
[EventCountry "ESP"]
[Source "lmi"]
[SourceDate "2004.10.27"]

1. d4 g6 2. e4 Bg7 3. Nc3 d6 4. f4 a6 5. Nf3 b5 6. Bd3 Nd7 7. e5 Bb7 8. Be4 Qc8
9. Qe2 e6 10. d5 Nc5 11. dxe6 Nxe6 12. exd6 Bxc3+ 13. bxc3 Bxe4 14. d7+ Qxd7
15. Qxe4 Rd8 16. O-O Qd5 17. Qxd5 Rxd5 18. c4 bxc4 19. Bb2 f6 20. Rae1 Kf7 21.
Re4 Nc5 22. Rxc4 h6 23. Re1 Ne6 24. Nd4 Rc5 25. Rxc5 Nxc5 26. Ba3 Nd7 27. Ne6
g5 28. Nd8+ Kg6 29. Re8 gxf4 30. Ne6 Kf7 31. Nxc7 h5 32. Rd8 Ne5 33. Rf8+ Kg6
34. Nd5 Kg7 35. Nxf4 Rh7 36. Ra8 Kh8 37. Nd5 Kg7 38. Bb2 Nd7 39. Rxa6 Kg6 40.
Ra7 Kf5 41. a4 Ke6 42. Nb6 1-0

[Event "Olimpiada Calviá 2004"]
[Site "Calviá ESP"]
[Date "2004.10.17"]
[Round "3.8"]
[White "Zvjaginsev, Vadim"]
[Black "Berg, Emanuel"]
[Result "1-0"]
[WhiteElo "2650"]
[BlackElo "2529"]
[PlyCount "143"]
[EventDate "2004.10.15"]
[EventType "team"]
[EventRounds "14"]
[EventCountry "ESP"]
[Source "lmi"]
[SourceDate "2004.10.27"]

1. Nf3 Nf6 2. c4 e6 3. Nc3 Bb4 4. g3 O-O 5. Bg2 d5 6. Qb3 Nc6 7. O-O d4 8. Nb5
Bc5 9. d3 a6 10. Na3 Qd6 11. e3 dxe3 12. Bxe3 e5 13. Nc2 Bg4 14. Rfe1 Bxe3 15.
Rxe3 Nd7 16. Qc3 Rab8 17. Rae1 Bxf3 18. Rxf3 Nd4 19. Rfe3 b5 20. b3 c6 21. b4
c5 22. a3 bxc4 23. dxc4 Nxc2 24. bxc5 Qxc5 25. Qxc2 Nb6 26. Rxe5 Qxc4 27. Qd2
Qb3 28. R5e3 Qa4 29. Qa2 g6 30. Re4 Qb5 31. Bf1 Qc5 32. Re5 Qd6 33. Ra5 Ra8 34.
Qe2 Nd7 35. Rxa6 Qc5 36. Qe7 Rxa6 37. Bxa6 Qa5 38. Bc4 Nb6 39. Bb3 Qc3 40. Qb4
Qxb4 41. axb4 Rd8 42. Re7 Nd5 43. Rb7 Kg7 44. b5 Kf6 45. b6 Rd6 46. Ra7 Nxb6
47. Rxf7+ Ke5 48. Rxh7 Nd7 49. h4 Nc5 50. Bc2 Kf6 51. h5 gxh5 52. Rxh5 Ne6 53.
Rh6+ Kg7 54. Rh7+ Kf6 55. Rh6+ Kg7 56. Rg6+ Kf7 57. Bf5 Rd1+ 58. Kg2 Ng7 59.
Bc2 Rd2 60. Rc6 Ke7 61. Bb3 Nf5 62. Re6+ Kd7 63. Re4 Nd4 64. Bf7 Kd6 65. g4 Nc6
66. g5 Nd4 67. g6 Nf5 68. Re6+ Kd7 69. Rf6 Ne3+ 70. Kh3 Nd1 71. g7 Nxf2+ 72.
Rxf2 1-0

[Event "Olimpiada Calviá 2004"]
[Site "Calviá ESP"]
[Date "2004.10.17"]
[Round "3.9"]
[White "Nogueiras, Jesus"]
[Black "Miezis, Normunds"]
[Result "1/2-1/2"]
[WhiteElo "2546"]
[BlackElo "2524"]
[PlyCount "59"]
[EventDate "2004.10.15"]
[EventType "team"]
[EventRounds "14"]
[EventCountry "ESP"]
[Source "lmi"]
[SourceDate "2004.10.27"]

1. Nf3 c5 2. c4 Nc6 3. d4 cxd4 4. Nxd4 g6 5. e4 Bg7 6. Nc2 d6 7. Be2 Nf6 8. Nc3
Nd7 9. Bd2 Nc5 10. b4 Ne6 11. Rc1 Nf4 12. O-O Nxe2+ 13. Qxe2 O-O 14. Rfd1 f5
15. Be1 f4 16. f3 Qe8 17. c5 dxc5 18. Qc4+ Kh8 19. Qxc5 Qf7 20. b5 Ne5 21. Nd5
e6 22. Nc7 Rb8 23. Bh4 b6 24. Qe7 Qg8 25. Nd4 Rf7 26. Qd8 Rf8 27. Qe7 Rf7 28.
Qd8 Rf8 29. Qe7 Rf7 30. Qd8 1/2-1/2

[Event "Olimpiada Calviá 2004"]
[Site "Calviá ESP"]
[Date "2004.10.17"]
[Round "3.10"]
[White "Kotronias, Vasilios"]
[Black "Mitkov, Nikola"]
[Result "1/2-1/2"]
[WhiteElo "2599"]
[BlackElo "2539"]
[PlyCount "133"]
[EventDate "2004.10.15"]
[EventType "team"]
[EventRounds "14"]
[EventCountry "ESP"]
[Source "lmi"]
[SourceDate "2004.10.27"]

1. e4 e5 2. Nf3 Nc6 3. Bb5 Nf6 4. O-O Nxe4 5. d4 Nd6 6. Bxc6 dxc6 7. dxe5 Nf5
8. Qxd8+ Kxd8 9. Nc3 Ne7 10. h3 Bf5 11. Nd4 Bd7 12. Ne4 Kc8 13. Re1 Nf5 14.
Nxf5 Bxf5 15. g4 Be6 16. Ng5 Bd5 17. Nxf7 Bxf7 18. e6 Bb4 19. Re4 Re8 20. Rxb4
Bxe6 21. Bd2 c5 22. Rf4 Kd7 23. Bc3 Rg8 24. a3 Rae8 25. Rd1+ Kc6 26. Re1 b6 27.
Kh2 a5 28. Re5 Kd7 29. Kg3 g6 30. Rf6 Bc4 31. b3 Rxe5 32. Bxe5 Be6 33. Bxc7
Bxb3 34. Bxb6 Bxc2 35. Bxc5 Rc8 36. Be3 h5 37. gxh5 gxh5 38. Bd2 Rc5 39. Ra6
Rd5 40. Ra7+ Ke6 41. Be3 Bd1 42. Ra6+ Kf7 43. h4 a4 44. Kf4 Bc2 45. Rc6 Rf5+
46. Kg3 Bd1 47. Rc4 Bb3 48. Rb4 Ke6 49. f3 Bd1 50. Bf4 Rd5 51. Re4+ Kf5 52. Re3
Bc2 53. Rc3 Bd1 54. Bh6 Ke6 55. Bf8 Ke5 56. Bc5 Kf5 57. Bb4 Ke5 58. Rc4 Rd3 59.
Re4+ Kd5 60. Rf4 Ke6 61. Kf2 Ke5 62. Rf8 Ke6 63. Kg2 Ke5 64. Kg3 Ke6 65. Rf4
Ke5 66. Bf8 Ke6 67. Bb4 1/2-1/2

[Event "Olimpiada Calviá 2004"]
[Site "Calviá ESP"]
[Date "2004.10.17"]
[Round "3.10"]
[White "Nedev, Trajce"]
[Black "Halkias, Stelios"]
[Result "1-0"]
[WhiteElo "2528"]
[BlackElo "2526"]
[PlyCount "67"]
[EventDate "2004.10.15"]
[EventType "team"]
[EventRounds "14"]
[EventCountry "ESP"]
[Source "lmi"]
[SourceDate "2004.10.27"]

1. e4 c5 2. Nf3 e6 3. Nc3 a6 4. d4 cxd4 5. Nxd4 Nc6 6. Be3 Qc7 7. Qd2 Nf6 8.
O-O-O d6 9. f3 Be7 10. g4 O-O 11. Kb1 Nxd4 12. Bxd4 b5 13. g5 Nd7 14. h4 Rb8
15. h5 b4 16. Ne2 Ne5 17. f4 Nc4 18. Qd3 e5 19. Bf2 a5 20. fxe5 dxe5 21. Nd4
Ba6 22. Qg3 Rfc8 23. Bxc4 Bxc4 24. Nf5 Bf8 25. g6 Qc6 26. h6 fxg6 27. hxg7 Qxe4
28. gxf8=Q+ Rxf8 29. Nd6 Qe2 30. Nxc4 Rxf2 31. Qh4 Qxc2+ 32. Ka1 Rf7 33. Nxe5
Rc7 34. Nd7 1-0

[Event "Olimpiada Calviá 2004"]
[Site "Calviá ESP"]
[Date "2004.10.17"]
[Round "3.10"]
[White "Mastrovasilis, Dimitrios"]
[Black "Georgiev, Vladimir"]
[Result "1/2-1/2"]
[WhiteElo "2574"]
[BlackElo "2512"]
[PlyCount "74"]
[EventDate "2004.10.15"]
[EventType "team"]
[EventRounds "14"]
[EventCountry "ESP"]
[Source "lmi"]
[SourceDate "2004.10.27"]

1. e4 e5 2. Nf3 Nc6 3. Bb5 a6 4. Ba4 Nf6 5. O-O b5 6. Bb3 Bc5 7. c3 d6 8. d4
Bb6 9. Bg5 h6 10. Bh4 g5 11. Bg3 exd4 12. Nxd4 Nxd4 13. cxd4 O-O 14. Nc3 b4 15.
Nd5 Nxe4 16. Nxb6 cxb6 17. Bd5 Nxg3 18. fxg3 Ra7 19. Qh5 Kg7 20. h4 f5 21. Rac1
Qf6 22. Kh2 Bd7 23. Rfe1 f4 24. gxf4 Qxf4+ 25. g3 Bg4 26. gxf4 Bxh5 27. fxg5
hxg5 28. hxg5 Rf5 29. Be6 Rxg5 30. Rc6 Bf7 31. Rxd6 Ra8 32. Bh3 Rh8 33. Re3 Rh6
34. Rxh6 Kxh6 35. Be6 Kg7 36. d5 Bxe6 37. Rxe6 Rxd5 1/2-1/2

[Event "Olimpiada Calviá 2004"]
[Site "Calviá ESP"]
[Date "2004.10.17"]
[Round "3.10"]
[White "Bogdanovski, Vlatko"]
[Black "Mastrovasilis, Athanasios"]
[Result "0-1"]
[WhiteElo "2443"]
[BlackElo "2502"]
[PlyCount "92"]
[EventDate "2004.10.15"]
[EventType "team"]
[EventRounds "14"]
[EventCountry "ESP"]
[Source "lmi"]
[SourceDate "2004.10.27"]

1. d4 Nf6 2. Nf3 e6 3. Bf4 b6 4. e3 Bb7 5. Bd3 Be7 6. h3 O-O 7. Nbd2 d5 8. c3
c5 9. O-O Nbd7 10. Qb1 Re8 11. a4 a6 12. b4 c4 13. Bc2 g6 14. Re1 Bf8 15. Qb2
Bg7 16. Rad1 Rc8 17. Bh2 Ne4 18. b5 a5 19. Bb1 Qe7 20. Rf1 f5 21. Bc2 Red8 22.
Ne5 Nxe5 23. Bxe5 Bxe5 24. dxe5 Nxd2 25. Rxd2 Qg7 26. f4 g5 27. Rd4 Kh8 28. Bd1
Rg8 29. Qf2 Qh6 30. Kh2 Rg6 31. g3 Rcg8 32. Rg1 Bc8 33. Be2 Qg7 34. Qe1 Bd7 35.
Rd2 Be8 36. Bd1 Rh6 37. g4 fxg4 38. Bxg4 Bh5 39. Qg3 gxf4 40. Qxf4 Bxg4 41. Rg3
Rxh3+ 42. Rxh3 Bxh3 43. Kxh3 Rf8 44. Rg2 Rxf4 45. Rxg7 Kxg7 46. exf4 Kg6 0-1

[Event "Olimpiada Calviá 2004"]
[Site "Calviá ESP"]
[Date "2004.10.17"]
[Round "3.12"]
[White "Xu, Jun"]
[Black "Gagunashvili, Merab"]
[Result "1/2-1/2"]
[WhiteElo "2589"]
[BlackElo "2567"]
[PlyCount "56"]
[EventDate "2004.10.15"]
[EventType "team"]
[EventRounds "14"]
[EventCountry "ESP"]
[Source "lmi"]
[SourceDate "2004.10.27"]

1. d4 d5 2. c4 c6 3. Nf3 Nf6 4. Nc3 dxc4 5. a4 Bf5 6. Ne5 Nbd7 7. Nxc4 Qc7 8.
g3 e5 9. dxe5 Nxe5 10. Bf4 Nfd7 11. Bg2 g5 12. Ne3 gxf4 13. Nxf5 O-O-O 14. Qc2
Nc5 15. O-O fxg3 16. hxg3 a5 17. Rfd1 Rxd1+ 18. Rxd1 h5 19. Qd2 Ne6 20. Ne4 Bb4
21. Qe3 Kb8 22. Bh3 Rd8 23. Rxd8+ Qxd8 24. Qh6 Qd1+ 25. Bf1 Qd5 26. Bg2 Qd1+
27. Bf1 Qd5 28. Bg2 Qd1+ 1/2-1/2

[Event "Olimpiada Calviá 2004"]
[Site "Calviá ESP"]
[Date "2004.10.17"]
[Round "3.13"]
[White "Pedersen, Nicolai Vesterbaek"]
[Black "Hebden, Mark"]
[Result "1/2-1/2"]
[WhiteElo "2466"]
[BlackElo "2550"]
[PlyCount "64"]
[EventDate "2004.10.15"]
[EventType "team"]
[EventRounds "14"]
[EventCountry "ESP"]
[Source "lmi"]
[SourceDate "2004.10.27"]

1. e4 e5 2. Nf3 Nc6 3. Nc3 Nf6 4. d4 exd4 5. Nxd4 Bb4 6. Nxc6 bxc6 7. Bd3 O-O
8. O-O d5 9. exd5 cxd5 10. Bg5 c6 11. Na4 h6 12. Bh4 Re8 13. c4 Bd6 14. Rc1 Bf4
15. Rc2 Qd6 16. Bg3 Bxg3 17. hxg3 Bg4 18. Qc1 d4 19. Qf4 Qxf4 20. gxf4 Nh5 21.
g3 Bf3 22. Rcc1 g5 23. fxg5 hxg5 24. Rfe1 Nf6 25. Nc5 Kg7 26. Bf1 Ne4 27. Nxe4
Bxe4 28. Bg2 Bxg2 29. Kxg2 c5 30. Rcd1 Rab8 31. Rxe8 Rxe8 32. b4 cxb4 1/2-1/2

[Event "Olimpiada Calviá 2004"]
[Site "Calviá ESP"]
[Date "2004.10.17"]
[Round "3.14"]
[White "Cifuentes Parada, Roberto"]
[Black "Kveinys, Aloyzas"]
[Result "1/2-1/2"]
[WhiteElo "2540"]
[BlackElo "2531"]
[PlyCount "74"]
[EventDate "2004.10.15"]
[EventType "team"]
[EventRounds "14"]
[EventCountry "ESP"]
[Source "lmi"]
[SourceDate "2004.10.27"]

1. d4 Nf6 2. Nf3 d5 3. c4 e6 4. e3 Nbd7 5. Nc3 a6 6. c5 c6 7. b4 g6 8. Bb2 Bg7
9. Be2 O-O 10. O-O Re8 11. Na4 Rb8 12. Qc2 Qe7 13. Ne5 Nxe5 14. dxe5 Nd7 15. f4
f6 16. exf6 Bxf6 17. e4 Bxb2 18. Nxb2 b6 19. Na4 bxc5 20. bxc5 Rb4 21. Bd3 Qg7
22. e5 Rf8 23. g3 Rxa4 24. Qxa4 Nxc5 25. Qd4 Nxd3 26. Qxd3 Qa7+ 27. Rf2 c5 28.
Rb1 c4 29. Qc3 Bd7 30. Kf1 Rc8 31. Rd2 Bb5 32. Rd4 Qf7 33. Kg2 Qf5 34. Rb2 h5
35. h4 Kg7 36. Rb4 Qg4 37. Rb2 Qf5 1/2-1/2

[Event "Olimpiada Calviá 2004"]
[Site "Calviá ESP"]
[Date "2004.10.17"]
[Round "3.14"]
[White "Sakalauskas, Vaidas"]
[Black "Romero Holmes, Alfonso"]
[Result "1/2-1/2"]
[WhiteElo "2464"]
[BlackElo "2514"]
[PlyCount "53"]
[EventDate "2004.10.15"]
[EventType "team"]
[EventRounds "14"]
[EventCountry "ESP"]
[Source "lmi"]
[SourceDate "2004.10.27"]

1. d4 e6 2. c4 b6 3. a3 Bb7 4. Nc3 f5 5. d5 Nf6 6. g3 Na6 7. Bg2 Nc5 8. Nh3
Nce4 9. Nxe4 fxe4 10. dxe6 dxe6 11. Qa4+ Qd7 12. Qxd7+ Kxd7 13. O-O a5 14. b3
Bc5 15. Bb2 Ke7 16. Ng5 Rad8 17. Bxf6+ gxf6 18. Nxe4 Bxe4 19. Bxe4 Rd2 20. Bd3
Rb2 21. Rfb1 Rxb1+ 22. Bxb1 f5 23. a4 Kf6 24. Bc2 Rd8 25. Rd1 Rxd1+ 26. Bxd1 e5
27. e3 1/2-1/2

[Event "Olimpiada Calviá 2004"]
[Site "Calviá ESP"]
[Date "2004.10.17"]
[Round "3.14"]
[White "Arizmendi, Martinez Julen"]
[Black "Butnorius, Algimantas"]
[Result "1/2-1/2"]
[WhiteElo "2531"]
[BlackElo "2429"]
[PlyCount "170"]
[EventDate "2004.10.15"]
[EventType "team"]
[EventRounds "14"]
[EventCountry "ESP"]
[Source "lmi"]
[SourceDate "2004.10.27"]

1. e4 e5 2. Nf3 Nc6 3. Bb5 a6 4. Ba4 Nf6 5. O-O Be7 6. Re1 b5 7. Bb3 d6 8. c3
O-O 9. d4 Bg4 10. Be3 exd4 11. cxd4 Na5 12. Bc2 c5 13. h3 Bh5 14. g4 Bg6 15.
Nbd2 Nc4 16. Nxc4 bxc4 17. dxc5 Nxe4 18. Qd5 Nxc5 19. Bxg6 hxg6 20. Bxc5 dxc5
21. Qxc4 Bf6 22. Rab1 Re8 23. Rxe8+ Qxe8 24. g5 Bd4 25. Nxd4 cxd4 26. Qxd4 Qe6
27. Kg2 Qf5 28. Rd1 Qxg5+ 29. Qg4 Qb5 30. b3 Re8 31. Rd4 Qc6+ 32. Qf3 Qb5 33.
Rd5 Qc6 34. a4 f6 35. Rd4 Qxf3+ 36. Kxf3 Re1 37. Rd6 Rh1 38. Kg2 Rb1 39. Rb6 a5
40. h4 Kh7 41. Rb5 Kh6 42. Kg3 Rb2 43. f3 g5 44. hxg5+ fxg5 45. Kg4 g6 46. Rb7
Rg2+ 47. Kh3 Rg1 48. Rb5 Rb1 49. Kg2 Rb2+ 50. Kf1 Kg7 51. Ke1 Kf6 52. Kd1 Rf2
53. Rxa5 Rxf3 54. Rb5 Rf2 55. Ke1 Ra2 56. a5 g4 57. b4 g3 58. Kf1 g5 59. Rc5 g4
60. Kg1 Ra4 61. Rb5 Ra2 62. Rb8 Kg5 63. b5 Rxa5 64. b6 Ra1+ 65. Kg2 Ra2+ 66.
Kxg3 Ra3+ 67. Kg2 Ra2+ 68. Kg3 Ra3+ 69. Kg2 Ra2+ 70. Kf1 Ra1+ 71. Ke2 Ra2+ 72.
Kd3 Ra3+ 73. Kc2 Ra2+ 74. Kb3 Ra6 75. b7 Rb6+ 76. Kc2 g3 77. Rg8+ Kf4 78. b8=Q+
Rxb8 79. Rxb8 g2 80. Rg8 Kf3 81. Kd2 Kf2 82. Rf8+ Kg3 83. Ke2 g1=Q 84. Rg8+ Kh2
85. Rxg1 Kxg1 1/2-1/2

[Event "Olimpiada Calviá 2004"]
[Site "Calviá ESP"]
[Date "2004.10.17"]
[Round "3.15"]
[White "Mosquera, Miguel"]
[Black "Ricardi, Pablo"]
[Result "1-0"]
[WhiteElo "2394"]
[BlackElo "2548"]
[PlyCount "105"]
[EventDate "2004.10.15"]
[EventType "team"]
[EventRounds "14"]
[EventCountry "ESP"]
[Source "lmi"]
[SourceDate "2004.10.27"]

1. e4 c5 2. Nf3 e6 3. c3 d5 4. exd5 Qxd5 5. d4 Nf6 6. Na3 cxd4 7. Nb5 Qd8 8.
Qxd4 Qxd4 9. Nfxd4 Na6 10. Bf4 Bc5 11. Be2 O-O 12. O-O Nd5 13. Bg3 Bd7 14. Rfd1
Rad8 15. Bf3 Bc8 16. a4 Bd7 17. Nb3 Be7 18. Nxa7 Ra8 19. Nb5 Bc6 20. N5d4 Rfc8
21. Nxc6 bxc6 22. Nd4 Ra7 23. a5 Bf6 24. Ra3 g6 25. b4 h5 26. h4 Rd7 27. Be2
Ra7 28. f3 Ne3 29. Rc1 Bxd4 30. cxd4 Nf5 31. Bf2 Nxb4 32. d5 Raa8 33. dxe6 fxe6
34. g4 hxg4 35. fxg4 Ne7 36. a6 Ned5 37. a7 Kf7 38. Rc4 c5 39. Rxc5 Rxc5 40.
Bxc5 Nc6 41. Ba6 Rxa7 42. Bxa7 Nxa7 43. Kf2 Nc6 44. Bb7 Ne5 45. Bxd5 exd5 46.
Kg3 Nc4 47. Ra7+ Kf6 48. Ra6+ Ke5 49. Rxg6 d4 50. Rg8 d3 51. Rd8 Ke4 52. h5 d2
53. h6 1-0

[Event "Olimpiada Calviá 2004"]
[Site "Calviá ESP"]
[Date "2004.10.17"]
[Round "3.15"]
[White "Sorin, Ariel"]
[Black "Barrientos, Sergio"]
[Result "1-0"]
[WhiteElo "2509"]
[BlackElo "2435"]
[PlyCount "71"]
[EventDate "2004.10.15"]
[EventType "team"]
[EventRounds "14"]
[EventCountry "ESP"]
[Source "lmi"]
[SourceDate "2004.10.27"]

1. d4 Nf6 2. c4 e6 3. Nf3 b6 4. g3 Bb7 5. Bg2 Be7 6. Nc3 O-O 7. O-O Ne4 8. Bd2
f5 9. d5 Bf6 10. Rc1 Na6 11. Be1 Nac5 12. b4 Nxc3 13. Bxc3 Ne4 14. Be1 c6 15.
dxe6 dxe6 16. Qb3 c5 17. a3 Rc8 18. Rc2 Qc7 19. Nd2 Nd6 20. Bxb7 Qxb7 21. f3
Qc6 22. Bf2 e5 23. Rd1 e4 24. Nf1 Nb7 25. Rd5 Qe6 26. Qa4 cxb4 27. axb4 Rxc4
28. Rxc4 Qxd5 29. Ne3 Qe6 30. Qxa7 b5 31. Rc1 Nd6 32. Qb6 exf3 33. exf3 Rd8 34.
Rd1 h5 35. Nd5 Kf7 36. Nf4 1-0

[Event "Olimpiada Calviá 2004"]
[Site "Calviá ESP"]
[Date "2004.10.17"]
[Round "3.15"]
[White "Cuartas, Jaime Alexander"]
[Black "Soppe, Guillermo"]
[Result "1/2-1/2"]
[WhiteElo "2452"]
[BlackElo "2433"]
[PlyCount "71"]
[EventDate "2004.10.15"]
[EventType "team"]
[EventRounds "14"]
[EventCountry "ESP"]
[Source "lmi"]
[SourceDate "2004.10.27"]

1. e4 Nf6 2. e5 Nd5 3. d4 d6 4. Nf3 dxe5 5. Nxe5 c6 6. Bc4 Nd7 7. O-O Nxe5 8.
dxe5 Be6 9. Nd2 Nc7 10. Bd3 g6 11. Nf3 Bg7 12. Re1 O-O 13. Ng5 Bc8 14. Qf3 Ne6
15. Qg3 Nxg5 16. Bxg5 Be6 17. Rad1 Qc7 18. f4 Rad8 19. b3 Rfe8 20. Kh1 f6 21.
Bh4 fxe5 22. fxe5 Rf8 23. Qe3 b6 24. Bg3 Kh8 25. h3 c5 26. Rf1 Rxf1+ 27. Rxf1
Rf8 28. Rxf8+ Bxf8 29. Bc4 Bxc4 30. Qf4 Bg7 31. Qxc4 Bxe5 32. Qf7 h5 33. Qf8+
Kh7 34. Qf7+ Kh8 35. Qf8+ Kh7 36. Qf7+ 1/2-1/2

[Event "Olimpiada Calviá 2004"]
[Site "Calviá ESP"]
[Date "2004.10.17"]
[Round "3.15"]
[White "Pierrot, Facundo"]
[Black "Contreras, Henry"]
[Result "1-0"]
[WhiteElo "2436"]
[BlackElo "2307"]
[PlyCount "53"]
[EventDate "2004.10.15"]
[EventType "team"]
[EventRounds "14"]
[EventCountry "ESP"]
[Source "lmi"]
[SourceDate "2004.10.27"]

1. e4 c5 2. Nf3 d6 3. d4 cxd4 4. Nxd4 Nf6 5. Nc3 a6 6. Be2 e6 7. O-O Be7 8. f4
Qc7 9. Be3 Nc6 10. Qe1 O-O 11. Qg3 Nxd4 12. Bxd4 b5 13. a3 Bb7 14. Rae1 Rac8
15. Kh1 Bc6 16. Bd3 g6 17. f5 Nh5 18. Qh3 exf5 19. exf5 Bf6 20. fxg6 fxg6 21.
Qe6+ Kg7 22. Rxf6 Nxf6 23. Rf1 Qd8 24. Rxf6 Rxf6 25. Be4 d5 26. Bxd5 Bd7 27.
Qf7+ 1-0

[Event "Olimpiada Calviá 2004"]
[Site "Calviá ESP"]
[Date "2004.10.17"]
[Round "3.16"]
[White "Goh Koon-Jong, Jason"]
[Black "Dorfman, Josif D"]
[Result "0-1"]
[WhiteElo "2419"]
[BlackElo "2596"]
[PlyCount "132"]
[EventDate "2004.10.15"]
[EventType "team"]
[EventRounds "14"]
[EventCountry "ESP"]
[Source "lmi"]
[SourceDate "2004.10.27"]

1. d4 Nf6 2. c4 e6 3. Nc3 Bb4 4. e3 O-O 5. Nge2 d5 6. a3 Be7 7. cxd5 exd5 8. b4
c6 9. Ng3 Re8 10. Bd3 Nbd7 11. O-O Nb6 12. b5 c5 13. dxc5 Bxc5 14. Na4 Nxa4 15.
Qxa4 d4 16. Qc2 dxe3 17. Bxh7+ Nxh7 18. Qxc5 b6 19. Qc2 Qd5 20. fxe3 Qxb5 21.
Qf2 f6 22. Bb2 Qg5 23. e4 Be6 24. Rad1 Rad8 25. Bc1 Qb5 26. Bf4 Rxd1 27. Rxd1
Nf8 28. Qd4 Ng6 29. Bd6 Rd8 30. Qa1 Qa4 31. Rd4 Qb3 32. Nf1 Qc2 33. Bg3 Qc5 34.
Bf2 Rxd4 35. Bxd4 Qc2 36. Ng3 Nf4 37. Qf1 Nxg2 38. Qe2 Qxe2 39. Nxe2 Ne1 40.
Bc3 Nf3+ 41. Kg2 Ne5 42. Nd4 Bd7 43. Bb2 Bc6 44. Kg3 Bxe4 45. Nb5 Nc4 46. Bd4
a6 47. Nc3 Bc6 48. a4 Kf7 49. h4 b5 50. axb5 axb5 51. Na2 Nd6 52. Kf4 Ke6 53.
Nb4 Be8 54. Bf2 Nc4 55. Bc5 Ne5 56. Bf2 Bg6 57. Bc5 Nd3+ 58. Nxd3 Bxd3 59. Bf8
g6 60. Bb4 Kd5 61. Bc3 f5 62. Kg5 Kc4 63. Be5 b4 64. Kxg6 f4+ 65. Kg5 f3 66.
Bg3 b3 0-1

[Event "Olimpiada Calviá 2004"]
[Site "Calviá ESP"]
[Date "2004.10.17"]
[Round "3.16"]
[White "Yeo Min-Yang, Evan"]
[Black "Degraeve, Jean-Marc"]
[Result "0-1"]
[WhiteElo "2245"]
[BlackElo "2551"]
[PlyCount "108"]
[EventDate "2004.10.15"]
[EventType "team"]
[EventRounds "14"]
[EventCountry "ESP"]
[Source "lmi"]
[SourceDate "2004.10.27"]

1. e4 e5 2. Nf3 Nc6 3. Bb5 a6 4. Ba4 Nf6 5. O-O b5 6. Bb3 Bc5 7. d3 d6 8. a4
Rb8 9. axb5 axb5 10. Be3 O-O 11. Nbd2 h6 12. h3 Re8 13. Re1 Nd7 14. Nf1 Bb6 15.
Qd2 Qf6 16. c3 Nc5 17. Bd1 Be6 18. Qe2 d5 19. b4 Nd7 20. Ng3 Bxe3 21. Qxe3 Ra8
22. Be2 Qe7 23. Rxa8 Rxa8 24. d4 exd4 25. Nxd4 Nxd4 26. Qxd4 dxe4 27. Bxb5 f5
28. Nxf5 Qf7 29. Ng3 Nf6 30. Nxe4 Nxe4 31. Rxe4 Kh8 32. Re1 Bd5 33. Bf1 Bb7 34.
Rd1 Rf8 35. c4 Re8 36. Qh4 Qf8 37. c5 Bc8 38. Bb5 Re7 39. Qd4 Kh7 40. Qd8 Re1+
41. Bf1 Qxd8 42. Rxd8 Ba6 43. Rd7 Rxf1+ 44. Kh2 c6 45. Kg3 Re1 46. Rd4 Bb5 47.
h4 Re7 48. Kg4 Kg6 49. Rd6+ Kf7 50. f3 Re6 51. Rd7+ Kf6 52. Rd4 Bf1 53. Kg3 Re2
54. Rd6+ Kf5 0-1

[Event "Olimpiada Calviá 2004"]
[Site "Calviá ESP"]
[Date "2004.10.17"]
[Round "3.18"]
[White "Van Wely, Loek"]
[Black "Gonzalez Zamora, Juan Carlo"]
[Result "1-0"]
[WhiteElo "2681"]
[BlackElo "2524"]
[PlyCount "133"]
[EventDate "2004.10.15"]
[EventType "team"]
[EventRounds "14"]
[EventCountry "ESP"]
[Source "lmi"]
[SourceDate "2004.10.27"]

1. d4 e6 2. c4 c5 3. d5 exd5 4. cxd5 d6 5. e4 Ne7 6. Nc3 Ng6 7. f4 Be7 8. Nf3
O-O 9. Bc4 Nd7 10. a4 a6 11. g3 Bf6 12. O-O Re8 13. Re1 Rb8 14. Kg2 h6 15. h3
Ndf8 16. a5 b5 17. axb6 Rxb6 18. Qd3 Qd7 19. Rh1 Nh7 20. Ra2 Qe7 21. Bd2 Nhf8
22. b3 Rb8 23. Raa1 Kh8 24. Rae1 Bd7 25. h4 Qd8 26. Re2 Bc8 27. Bxa6 Bxa6 28.
Qxa6 Qd7 29. Qd3 Qg4 30. h5 Bxc3 31. hxg6 Bxd2 32. gxf7 Bxf4 33. fxe8=Q Rxe8
34. Nh2 Qg6 35. Qf3 Be5 36. Ng4 Bd4 37. Rf1 Nd7 38. Qf7 Qxf7 39. Rxf7 Ne5 40.
Nxe5 Bxe5 41. Rc7 Rb8 42. Re3 Kh7 43. Re7 Rb4 44. Kf3 Kg6 45. Re6+ Kg5 46. Rd3
h5 47. Rxe5+ dxe5 48. d6 Rb8 49. d7 Rd8 50. Rd6 h4 51. Kg2 hxg3 52. Kxg3 g6 53.
Rd5 Kf6 54. Kg4 g5 55. Rd1 Ke7 56. Rd3 Ke6 57. Kxg5 Rg8+ 58. Kh6 Rd8 59. Kg7
Ke7 60. Rd1 Ke6 61. Rd5 Ke7 62. Rxe5+ Kd6 63. Rd5+ Ke6 64. Rd1 Ke7 65. e5 Ke6
66. Rd2 Ke7 67. Rd6 1-0

[Event "Olimpiada Calviá 2004"]
[Site "Calviá ESP"]
[Date "2004.10.17"]
[Round "3.18"]
[White "Timman, Jan H"]
[Black "Espinosa, Rafael"]
[Result "1-0"]
[WhiteElo "2602"]
[BlackElo "2412"]
[PlyCount "91"]
[EventDate "2004.10.15"]
[EventType "team"]
[EventRounds "14"]
[EventCountry "ESP"]
[Source "lmi"]
[SourceDate "2004.10.27"]

1. e4 c5 2. Nf3 Nc6 3. Bb5 g6 4. O-O Bg7 5. Re1 Nf6 6. c3 O-O 7. h3 a6 8. Bxc6
dxc6 9. d4 cxd4 10. cxd4 Nd7 11. Nc3 h6 12. Be3 Kh7 13. Qb3 f5 14. exf5 Rxf5
15. Ne2 Nf6 16. Ne5 Nd5 17. Ng3 Rf8 18. Bd2 a5 19. a4 Qb6 20. Qd3 Bf5 21. Nxf5
gxf5 22. Nd7 Qxd4 23. Nxf8+ Rxf8 24. Qxd4 Bxd4 25. Re6 Bf6 26. Bxa5 Nf4 27. Re3
Rg8 28. Kh1 Nxg2 29. Rg3 Nf4 30. Bc3 e5 31. Rf3 Rg6 32. Rd1 h5 33. Rd7+ Rg7 34.
Rd6 Be7 35. Rd1 Rf7 36. Bxe5 Nd5 37. Re1 Bg5 38. Rg1 Bh6 39. Bc3 f4 40. Rd3 Bf8
41. Kg2 Bc5 42. Kf3 Kh6 43. Rdd1 Kh7 44. Rg5 Kh6 45. Rdg1 Bf8 46. Rg8 1-0

[Event "Olimpiada Calviá 2004"]
[Site "Calviá ESP"]
[Date "2004.10.17"]
[Round "3.18"]
[White "Escobedo Tinajero, Alberto"]
[Black "Nijboer, Friso"]
[Result "0-1"]
[WhiteElo "2386"]
[BlackElo "2567"]
[PlyCount "90"]
[EventDate "2004.10.15"]
[EventType "team"]
[EventRounds "14"]
[EventCountry "ESP"]
[Source "lmi"]
[SourceDate "2004.10.27"]

1. d4 f5 2. Nc3 Nf6 3. Bg5 d5 4. Bxf6 exf6 5. e3 Be6 6. Bd3 Qd7 7. Nge2 Nc6 8.
Nf4 Bf7 9. Bb5 a6 10. Be2 g6 11. Qd2 Ne7 12. h4 h5 13. O-O-O Nc8 14. f3 Nb6 15.
Bd3 g5 16. hxg5 fxg5 17. Nh3 Rg8 18. Qe2 Bb4 19. Nb1 O-O-O 20. a3 Be7 21. Nc3
Kb8 22. Rhf1 Be6 23. Nf2 Rde8 24. Kb1 h4 25. Rfe1 Bf6 26. Qd2 g4 27. Ne2 Bf7
28. Nf4 Bg5 29. c3 Nc8 30. Be2 Nd6 31. fxg4 Bxf4 32. exf4 fxg4 33. Bd3 Be6 34.
Rh1 h3 35. gxh3 g3 36. Ng4 Bxg4 37. hxg4 Qxg4 38. Rhg1 Ne4 39. Bxe4 Rxe4 40.
Rdf1 Re2 41. Qd3 g2 42. Rf3 Rd2 43. Qxd2 Qxf3 44. Ka2 Qf1 45. Qe1 Qxe1 0-1

[Event "Olimpiada Calviá 2004"]
[Site "Calviá ESP"]
[Date "2004.10.17"]
[Round "3.19"]
[White "Neubauer, Martin"]
[Black "Socko, Bartosz"]
[Result "1/2-1/2"]
[WhiteElo "2440"]
[BlackElo "2570"]
[PlyCount "31"]
[EventDate "2004.10.15"]
[EventType "team"]
[EventRounds "14"]
[EventCountry "ESP"]
[Source "lmi"]
[SourceDate "2004.10.27"]

1. e4 e5 2. Nf3 Nc6 3. Nc3 Nf6 4. Bb5 Bb4 5. O-O O-O 6. Bxc6 dxc6 7. Nxe5 Re8
8. Nd3 Bxc3 9. dxc3 Nxe4 10. Qf3 Qf6 11. Qxf6 Nxf6 12. Bf4 Re2 13. Rfe1 Rxc2
14. Nb4 Rxb2 15. Bc1 Rxb4 16. cxb4 1/2-1/2